[Event "Vandoeuvre op 16th"]
[Site "Vandoeuvre"]
[Date "2019.12.27"]
[Round "4"]
[White "Ider, Borya"]
[Black "Rakotomaharo, Fy Antenaina"]
[Result "1/2-1/2"]
[WhiteElo "2505"]
[BlackElo "2438"]
[PlyCount "99"]
[EventDate "2019.12.26"]
[EventType "swiss"]
[EventRounds "9"]
[EventCountry "FRA"]
[SourceTitle "CBM 194 Extra"]
[Source "ChessBase"]
[SourceDate "2020.03.31"]
[SourceVersion "1"]
[SourceVersionDate "2020.03.31"]
[SourceQuality "1"]

1. e4 c5 2. Be2 d6 3. f4 g6 4. Nf3 Bg7 5. d3 Nf6 6. c3 0-0 7. Na3 Nc6 8. 0-0 Rb8 9. Qe1 b5 10. Nc2 e6 11. Kh1 a5 12. Ne3 Ba6 13. e5 Nd5 14. Qg3 Nce7 15. Ng5 Nxe3 16. Qxe3 Nf5 17. Qh3 h6 18. Ne4 Bb7 19. Bg4 dxe5 20. Nxc5 h5 21. Nxb7 Rxb7 22. Bxf5 exf5 23. fxe5 Bxe5 24. d4 Bd6 25. Qf3 Qh4 26. g3 Qe4 27. Bg5 Qxf3+ 28. Rxf3 f6 29. Bf4 Bxf4 30. Rxf4 Re8 31. Kg1 Re2 32. Rf2 Re4 33. Rd1 Kf7 34. a4 bxa4 35. Ra1 Rb5 36. Rxa4 g5 37. Ra1 h4 38. c4 hxg3 39. hxg3 Rb3 40. Kh2 Rxd4 41. Rxa5 Rxc4 42. Raxf5 Rc6 43. Rxg5 Rxb2 44. Rxb2 fxg5 45. Kh3 Rc4 46. Rb7+ Kg6 47. Rb6+ Kg7 48. Rb7+ Kg6 49. Rb6+ Kg7 50. Rb7+ 1/2-1/2

[Event "Francophonie-ch blitz 7th"]
[Site "Paris"]
[Date "2019.08.10"]
[Round "6"]
[White "Ider, Borya"]
[Black "Moussard, Jules"]
[Result "0-1"]
[WhiteElo "2503"]
[BlackElo "2595"]
[PlyCount "83"]
[EventDate "2019.08.10"]
[EventType "swiss (blitz)"]
[EventRounds "11"]
[EventCountry "FRA"]
[SourceTitle "CBM 191 Extra"]
[Source "ChessBase"]
[SourceDate "2019.09.30"]
[SourceVersion "1"]
[SourceVersionDate "2019.09.30"]
[SourceQuality "1"]

1. Nh3 Nh6 2. Na3 Na6 3. b3 b6 4. Bb2 Bb7 5. Nf4 Nf5 6. Nc4 d6 7. d4 e6 8. e3 Be7 9. Bd3 Nh4 10. d5 e5 11. Qg4 0-0 12. e4 g6 13. Ne2 Nc5 14. Ne3 Nxd3+ 15. cxd3 f5 16. exf5 Nxf5 17. Nxf5 Rxf5 18. Qc4 Qd7 19. Rc1 Rc8 20. 0-0 b5 21. Qg4 Bf8 22. Nc3 Rf7 23. Qxd7 Rxd7 24. Nxb5 Bxd5 25. Rc2 a6 26. Nc3 Bb7 27. Ne4 Bg7 28. Rfc1 Kf7 29. Ba3 Bf8 30. Bb4 c5 31. Bc3 h6 32. Rf1 g5 33. h4 Kg6 34. hxg5 hxg5 35. Re2 Rh7 36. Ng3 Be7 37. f3 Rh4 38. Kf2 Rf8 39. Ne4 g4 40. Rg1 Rh7 41. Ke1 Bc8 42. fxg4 0-1

[Event "Francophonie-ch blitz 7th"]
[Site "Paris"]
[Date "2019.08.10"]
[Round "5"]
[White "Sochacki, Christophe"]
[Black "Ider, Borya"]
[Result "0-1"]
[WhiteElo "2478"]
[BlackElo "2503"]
[PlyCount "88"]
[EventDate "2019.08.10"]
[EventType "swiss (blitz)"]
[EventRounds "11"]
[EventCountry "FRA"]
[SourceTitle "CBM 191 Extra"]
[Source "ChessBase"]
[SourceDate "2019.09.30"]
[SourceVersion "1"]
[SourceVersionDate "2019.09.30"]
[SourceQuality "1"]

1. b3 e6 2. Bb2 a5 3. c4 a4 4. bxa4 c6 5. Nf3 d5 6. e3 Nd7 7. Nc3 Ngf6 8. Be2 Bd6 9. d4 0-0 10. 0-0 Bb4 11. c5 Qe7 12. Qc2 Ba5 13. Bd3 h6 14. Rab1 b6 15. cxb6 Nxb6 16. Ne5 Bb7 17. Qb3 Rfb8 18. Ba3 Qd8 19. Bc5 Nfd7 20. Bd6 Rc8 21. Rfc1 Ba6 22. Ne2 Nxe5 23. Bxa6 Rxa6 24. Bxe5 Nc4 25. Qb7 Raa8 26. Nf4 Bd2 27. Nxe6 Qh4 28. Nxg7 Nxe5 29. Nf5 Nf3+ 30. Kf1 Nxh2+ 31. Kg1 Nf3+ 32. gxf3 Qg5+ 33. Ng3 Bxe3 34. fxe3 Qxg3+ 35. Kh1 Qxf3+ 36. Kh2 Qh5+ 37. Kg3 Re8 38. Rg1 Kh8 39. Kf2 Qf5+ 40. Ke2 Rxa4 41. Rb2 Rxd4 42. Qb3 Rde4 43. Rg3 d4 44. Kd3 Rxe3+ 0-1

[Event "FRA Cup"]
[Site "Saint Quentin"]
[Date "2019.06.29"]
[Round "1.1"]
[White "Piorun, Kacper"]
[Black "Ider, Borya"]
[Result "1-0"]
[WhiteElo "2656"]
[BlackElo "2506"]
[PlyCount "55"]
[EventDate "2019.06.29"]
[EventType "team-k.o."]
[EventRounds "3"]
[EventCountry "FRA"]
[SourceTitle "CBM 191 Extra"]
[Source "ChessBase"]
[SourceDate "2019.09.30"]
[SourceVersion "1"]
[SourceVersionDate "2019.09.30"]
[SourceQuality "1"]
[WhiteTeam "Tremblay en France"]
[BlackTeam "Chartres"]
[WhiteTeamCountry "FRA"]
[BlackTeamCountry "FRA"]

1. e4 e6 2. d4 d5 3. e5 Bd7 4. Nd2 a6 5. Ndf3 c5 6. c3 cxd4 7. Nxd4 Nc6 8. Ngf3 Qc7 9. Nxc6 Bxc6 10. Bd3 Bb5 11. Bxb5+ axb5 12. 0-0 b4 13. cxb4 Bxb4 14. Qd4 Qc4 15. Qxc4 dxc4 16. Bd2 Bc5 17. Rfc1 Rc8 18. Kf1 Ba7 19. b3 Ne7 20. bxc4 Nc6 21. Rab1 Rc7 22. Rb5 Kd7 23. Ng5 Ra8 24. c5 Nxe5 25. Ba5 Rcc8 26. c6+ Rxc6 27. Rd1+ Rd6 28. Rxb7+ 1-0